[Event "Vercelli op"]
[Site "Vercelli"]
[Date "2014.06.13"]
[Round "1"]
[White "Costantino, Gian Franco"]
[Black "Profumo, Alberto"]
[Result "0-1"]
[WhiteElo "1779"]
[BlackElo "2256"]
[PlyCount "48"]
[EventDate "2014.06.13"]
[EventType "swiss"]
[EventRounds "5"]
[EventCountry "ITA"]
[SourceTitle "EXT 2024"]
[Source "ChessBase"]
[SourceDate "2023.10.10"]
[SourceVersion "1"]
[SourceVersionDate "2023.10.10"]
[SourceQuality "1"]

1. Nf3 Nf6 2. g3 d5 3. c4 c6 4. b3 Bf5 5. Bg2 e6 6. Bb2 Be7 7. d3 h6 8. Nbd2 0-0 9. 0-0 Nbd7 10. a3 a5 11. Re1 Bh7 12. Bc3 Qb6 13. h3 Bc5 14. d4 Be7 15. e4 Bxe4 16. Nxe4 Nxe4 17. Rxe4 dxe4 18. Nd2 f5 19. Nxe4 fxe4 20. Bxe4 Bf6 21. Qg4 Rfe8 22. Rb1 Rab8 23. Bd2 Bg5 24. f4 Nf6 0-1

[Event "Paradiso op 6th"]
[Site "Paradiso"]
[Date "2011.05.14"]
[Round "3"]
[White "Profumo, Alberto"]
[Black "Colmenares, Aurelio"]
[Result "0-1"]
[WhiteElo "2251"]
[BlackElo "2257"]
[PlyCount "130"]
[EventDate "2011.05.13"]
[EventType "swiss"]
[EventRounds "5"]
[EventCountry "SUI"]
[SourceTitle "CBM 142 Extra"]
[Source "ChessBase"]
[SourceDate "2011.06.27"]
[SourceVersion "1"]
[SourceVersionDate "2011.06.27"]
[SourceQuality "1"]

1. Nf3 d5 2. d4 Nc6 3. c4 Bg4 4. cxd5 Bxf3 5. gxf3 Qxd5 6. e3 e5 7. Nc3 Bb4 8. Bd2 Bxc3 9. bxc3 Qd6 10. a4 Nf6 11. Bc1 0-0-0 12. Qb3 exd4 13. Bh3+ Kb8 14. cxd4 Nd5 15. Bd2 Qf6 16. Rb1 b6 17. Bg2 Nf4 18. exf4 Nxd4 19. Qd3 Rhe8+ 20. Kf1 Ne2 21. Qc2 Nxf4 22. Be3 Re5 23. h4 h6 24. Rd1 Rxd1+ 25. Qxd1 Rd5 26. Qb1 Qd6 27. Bxf4 Qxf4 28. Kg1 f5 29. Rh3 Qxa4 30. Qb2 Rd1+ 31. Kh2 Qf4+ 32. Rg3 g6 33. Qf6 Rd6 34. Qe7 Kb7 35. Qe3 g5 36. hxg5 hxg5 37. Bh3 a5 38. Qxf4 gxf4 39. Rg5 b5 40. Rxf5 Kb6 41. Rxf4 a4 42. Rf8 b4 43. Bf1 Rd4 44. Rb8+ Kc5 45. Rb5+ Kd6 46. Ra5 b3 47. Bh3 c6 48. Ra6 Kc5 49. Bf5 Kb4 50. Rxc6 a3 51. Rb6+ Kc3 52. Be6 Rb4 53. Ra6 Rh4+ 54. Kg3 Rh6 55. Rxa3 Rxe6 56. f4 Kc2 57. f5 Rb6 58. Kg4 b2 59. Ra2 Kd3 60. Rxb2 Rxb2 61. f3 Kd4 62. Kg5 Kd5 63. f4 Rg2+ 64. Kf6 Kd6 65. Kf7 Rg4 0-1

[Event "Biella op 1st"]
[Site "Biella"]
[Date "2010.09.26"]
[Round "5"]
[White "Finocchiaro, Gianluca"]
[Black "Profumo, Alberto"]
[Result "0-1"]
[WhiteElo "2121"]
[BlackElo "2250"]
[PlyCount "44"]
[EventDate "2010.09.24"]
[EventType "swiss"]
[EventRounds "5"]
[EventCountry "ITA"]
[SourceTitle "EXT 2024"]
[Source "ChessBase"]
[SourceDate "2023.10.10"]
[SourceVersion "1"]
[SourceVersionDate "2023.10.10"]
[SourceQuality "1"]

1. e4 c6 2. c4 d5 3. exd5 cxd5 4. cxd5 Nf6 5. Nc3 Nxd5 6. Nf3 Nc6 7. Bb5 a6 8. Qa4 axb5 9. Qxa8 Nc7 10. Qa3 b4 11. Qb3 Be6 12. Qd1 bxc3 13. bxc3 Bc4 14. d4 e6 15. Be3 Nd5 16. Qc2 Be7 17. Rb1 Ba6 18. Bd2 Nb6 19. Qb3 Nc4 20. Bf4 0-0 21. Nd2 N6a5 22. Qc2 Na3 0-1

[Event "Erice op 1st"]
[Site "Erice"]
[Date "2010.08.01"]
[Round "6"]
[White "Profumo, Alberto"]
[Black "Marholev, Dimitar"]
[Result "0-1"]
[WhiteElo "2261"]
[BlackElo "2428"]
[PlyCount "68"]
[EventDate "2010.07.28"]
[EventType "swiss"]
[EventRounds "7"]
[EventCountry "ITA"]
[SourceTitle "EXT 2024"]
[Source "ChessBase"]
[SourceDate "2023.10.10"]
[SourceVersion "1"]
[SourceVersionDate "2023.10.10"]
[SourceQuality "1"]

1. Nf3 Nf6 2. c4 g6 3. Nc3 Bg7 4. d4 0-0 5. g3 d6 6. Bg2 Nbd7 7. 0-0 e5 8. e4 exd4 9. Nxd4 Re8 10. h3 Nc5 11. Re1 a5 12. Qc2 Bd7 13. Be3 Qc8 14. g4 h5 15. g5 Nh7 16. Kh2 Nxg5 17. Bxg5 Bxd4 18. Nd5 Ne6 19. Qd2 Be5+ 20. f4 Nxg5 21. fxe5 Rxe5 22. Rf1 Qd8 23. Nf6+ Kg7 24. h4 Ne6 25. Rf2 Qe7 26. Raf1 Rf8 27. Qc3 Nc5 28. Qg3 Bg4 29. b3 c6 30. Rd2 Re6 31. Nxg4 hxg4 32. Qc3+ Kg8 33. Qxa5 Qxh4+ 34. Kg1 Qg3 0-1

[Event "Milan Palladino Memorial"]
[Site "Milan"]
[Date "2010.04.03"]
[Round "3"]
[White "Colovic, Aleksandar"]
[Black "Profumo, Alberto"]
[Result "1/2-1/2"]
[WhiteElo "2464"]
[BlackElo "2191"]
[PlyCount "76"]
[EventDate "2010.04.01"]
[EventType "swiss"]
[EventRounds "6"]
[EventCountry "ITA"]
[SourceTitle "EXT 2024"]
[Source "ChessBase"]
[SourceDate "2023.10.10"]
[SourceVersion "1"]
[SourceVersionDate "2023.10.10"]
[SourceQuality "1"]

1. e4 c6 2. d4 d5 3. exd5 cxd5 4. c4 Nf6 5. Nc3 e6 6. c5 Be7 7. Nf3 Ne4 8. Qc2 f5 9. Be2 0-0 10. 0-0 b6 11. b4 a5 12. Na4 axb4 13. Nxb6 Ra7 14. Bd2 Ba6 15. Bxb4 Bxe2 16. Qxe2 Nc6 17. Qb2 Bf6 18. Ne5 Bxe5 19. dxe5 Qc7 20. a3 Nxe5 21. Qd4 Nc6 22. Qd3 Ne5 23. Qd4 Nc6 24. Qd1 Rb7 25. Rc1 Rf7 26. f3 Nf6 27. Re1 Re7 28. Bc3 Nd7 29. Nxd7 Qxd7 30. Be5 h6 31. Bd6 Re8 32. f4 Ra8 33. Rc3 Rba7 34. Rce3 Rxa3 35. Rxe6 Qxe6 36. Rxe6 Ra1 37. Re1 Rxd1 38. Rxd1 d4 1/2-1/2

[Event "Milan Crespi op-A 30th"]
[Site "Milan"]
[Date "2009.12.11"]
[Round "8"]
[White "Profumo, Alberto"]
[Black "Nicolo, Filippo"]
[Result "1/2-1/2"]
[WhiteElo "2223"]
[BlackElo "2062"]
[PlyCount "119"]
[EventDate "2009.12.05"]
[EventType "swiss"]
[EventRounds "9"]
[EventCountry "ITA"]
[SourceTitle "EXT 2012"]
[Source "ChessBase"]
[SourceDate "2011.11.24"]
[SourceVersion "1"]
[SourceVersionDate "2011.11.24"]
[SourceQuality "1"]

1. Nf3 d6 2. d4 f5 3. g3 Nf6 4. Bg2 g6 5. c4 Bg7 6. Nc3 0-0 7. 0-0 c6 8. d5 e5 9. dxe6 Bxe6 10. Qd3 Qe7 11. Bf4 d5 12. cxd5 Nxd5 13. Be5 Bh6 14. e4 fxe4 15. Nxe4 Bf5 16. Rae1 Nd7 17. Qd4 Nxe5 18. Nxe5 Rad8 19. Nc3 Ne3 20. Bd5+ Nxd5 21. Nxg6 Qf6 22. Qxf6 Rxf6 23. Nxd5 cxd5 24. Ne7+ Kf7 25. Re5 Be4 26. f3 Bd3 27. Rfe1 Bf8 28. Nxd5 Rxf3 29. Nf4 Ba6 30. Rf5+ Kg8 31. Kg2 Rfd3 32. Nxd3 Bxd3 33. Rg5+ Kf7 34. b3 Rd7 35. Re3 Bh6 36. Rf3+ Ke6 37. Rg4 Bf5 38. Ra4 Rd2+ 39. Rf2 a6 40. Rxd2 Bxd2 41. g4 Bg6 42. Kf3 Kd5 43. Rc4 Ba5 44. Rc8 Bb1 45. a3 Ba2 46. b4 Bb6 47. Rb8 Kc4 48. Rxb7 Kb5 49. Rxh7 Bd4 50. Rh5+ Kc6 51. Ke4 Bb2 52. Ra5 Bb1+ 53. Kf4 Bd3 54. g5 Bd4 55. Kf3 Kd6 56. h4 Bb6 57. g6 Bxa5 58. g7 Bh7 59. bxa5 Ke5 60. h5 1/2-1/2

[Event "Chioggia op-A 04th"]
[Site "Chioggia"]
[Date "2009.10.10"]
[Round "2"]
[White "Zamengo, Fulvio"]
[Black "Profumo, Alberto"]
[Result "0-1"]
[WhiteElo "1879"]
[BlackElo "2236"]
[PlyCount "92"]
[EventDate "2009.10.09"]
[EventType "swiss"]
[EventRounds "5"]
[EventCountry "ITA"]
[SourceTitle "EXT 2022"]
[Source "ChessBase"]
[SourceDate "2021.10.06"]
[SourceVersion "1"]
[SourceVersionDate "2021.10.06"]
[SourceQuality "1"]

1. e4 c6 2. d4 d5 3. Nc3 dxe4 4. Nxe4 Bf5 5. Ng3 Bg6 6. h4 h6 7. Nf3 Nf6 8. c4 e6 9. h5 Bh7 10. Bd3 Bb4+ 11. Kf1 Bxd3+ 12. Qxd3 0-0 13. Ne5 Nbd7 14. f4 c5 15. Ne2 cxd4 16. g4 Nxe5 17. fxe5 Nxg4 18. Qg3 f5 19. Nf4 Qd7 20. a3 Be7 21. Nd3 Rac8 22. b3 b5 23. Nf2 bxc4 24. bxc4 Rxc4 25. Ke1 Rc3 26. Qf4 Bg5 27. Qxg5 hxg5 28. Bxg5 Qd5 29. h6 Qxe5+ 30. Kf1 Rf3 31. Ra2 Qg3 32. h7+ Kh8 33. Bh4 Ne3+ 34. Ke1 Ng2+ 35. Kf1 Nxh4 36. a4 Qg2+ 37. Ke1 Rxf2 38. Rxf2 Qxh1+ 39. Kd2 e5 40. a5 e4 41. Kc2 Rc8+ 42. Kb2 Qc1+ 43. Ka2 Rb8 44. a6 Qc4+ 45. Ka1 Qxa6+ 46. Ra2 Qf1# 0-1

[Event "Rome Capablanca op 2nd"]
[Site "Rome"]
[Date "2009.07.11"]
[Round "2"]
[White "Seyfried, Claus"]
[Black "Profumo, Alberto"]
[Result "0-1"]
[WhiteElo "1965"]
[BlackElo "2234"]
[PlyCount "108"]
[EventDate "2009.07.10"]
[EventType "swiss"]
[EventRounds "4"]
[EventCountry "ITA"]
[SourceTitle "EXT 2011"]
[Source "ChessBase"]
[SourceDate "2010.11.26"]
[SourceVersion "1"]
[SourceVersionDate "2010.11.26"]
[SourceQuality "1"]

1. e4 c6 2. d4 d5 3. e5 Bf5 4. Nc3 e6 5. g4 Bg6 6. Nge2 f6 7. Nf4 fxe5 8. Nxg6 hxg6 9. dxe5 Nd7 10. Qe2 Bc5 11. Bd2 Qh4 12. Bf4 Nh6 13. Bg3 Qxg4 14. 0-0-0 Qxe2 15. Nxe2 g5 16. f4 Nf5 17. fxg5 Nxg3 18. Nxg3 Be3+ 19. Kb1 Bxg5 20. c4 Nxe5 21. cxd5 cxd5 22. Re1 Bf6 23. h4 Kd7 24. h5 Nc6 25. Bh3 Rae8 26. Rd1 Kc7 27. Rhe1 Be5 28. Rd3 Re7 29. Bg4 Rf8 30. Rde3 Bxg3 31. Rxg3 e5 32. Rd3 Rf4 33. Bd1 Nd4 34. Rg1 Rf6 35. b4 Rb6 36. a3 a5 37. Rdg3 Ne6 38. Rb3 axb4 39. axb4 Nd4 40. Rb2 e4 41. Kc1 Nf5 42. Kd2 d4 43. Rg5 Ne3 44. Be2 Rf6 45. Rb1 Nf5 46. b5 d3 47. b6+ Kd6 48. Bg4 Nd4 49. Kc3 Nc6 50. Rbb5 Ne5 51. Kd2 Nxg4 52. Rxg4 e3+ 53. Kxd3 e2 54. Rd4+ Kc6 0-1

[Event "Milan Crespi op-A 29th"]
[Site "Milan"]
[Date "2008.12.11"]
[Round "7"]
[White "Profumo, Alberto"]
[Black "Morchiashvili, Bachana"]
[Result "0-1"]
[WhiteElo "2231"]
[BlackElo "2411"]
[PlyCount "60"]
[EventDate "2008.12.06"]
[EventType "swiss"]
[EventRounds "9"]
[EventCountry "ITA"]
[SourceTitle "CBM 130 Extra"]
[Source "ChessBase"]
[SourceDate "2009.07.02"]
[SourceVersion "2"]
[SourceVersionDate "2009.07.15"]
[SourceQuality "1"]

1. Nf3 Nf6 2. c4 c5 3. Nc3 e6 4. g3 b6 5. Bg2 Bb7 6. 0-0 Be7 7. Re1 d5 8. cxd5 exd5 9. d4 0-0 10. Bf4 Nbd7 11. Rc1 a6 12. dxc5 Nxc5 13. Nd4 Re8 14. Nf5 Bf8 15. Bg5 h6 16. Bxf6 Qxf6 17. Nd4 Rad8 18. e3 Qg6 19. Re2 Nd3 20. Rcc2 Bb4 21. Nb1 Bc5 22. a3 Bc8 23. Red2 Bxd4 24. Rxd3 Bf5 25. Rcd2 Bxd3 26. Rxd3 Bxb2 27. Bxd5 Rc8 28. Kg2 Rc1 29. Qb3 Rxb1 30. Rd2 Bc1 0-1

[Event "Milan Crespi op-A 29th"]
[Site "Milan"]
[Date "2008.12.09"]
[Round "5"]
[White "Salmoiraghi, Angelo"]
[Black "Profumo, Alberto"]
[Result "1/2-1/2"]
[WhiteElo "2122"]
[BlackElo "2231"]
[PlyCount "108"]
[EventDate "2008.12.06"]
[EventType "swiss"]
[EventRounds "9"]
[EventCountry "ITA"]
[SourceTitle "CBM 130 Extra"]
[Source "ChessBase"]
[SourceDate "2009.07.02"]
[SourceVersion "2"]
[SourceVersionDate "2009.07.15"]
[SourceQuality "1"]

1. e4 c6 2. d4 d5 3. Nc3 dxe4 4. Nxe4 Bf5 5. Ng3 Bg6 6. Bc4 e6 7. N1e2 Bd6 8. h4 h6 9. Nf4 Bxf4 10. Bxf4 Nf6 11. Qe2 0-0 12. 0-0-0 b5 13. Bd3 Bxd3 14. Qxd3 Qd5 15. Kb1 Nbd7 16. f3 Nb6 17. Ne4 Nfd7 18. g4 f5 19. Nc3 Qc4 20. Qe3 Rac8 21. Bd6 Rf7 22. g5 Nd5 23. Nxd5 Qxd5 24. Qf4 h5 25. g6 Rf6 26. Rhg1 Nf8 27. Bxf8 Kxf8 28. Rde1 Rd8 29. c3 b4 30. Qg5 Qxf3 31. Rxe6 Rxe6 32. Qxd8+ Re8 33. Qd7 Qe4+ 34. Kc1 Qe6 35. Qxe6 Rxe6 36. Rg5 bxc3 37. Rxf5+ Rf6 38. Rxf6+ gxf6 39. bxc3 Kg7 40. Kd2 Kxg6 41. Ke3 Kf5 42. Kf3 a5 43. c4 a4 44. a3 c5 45. dxc5 Ke6 46. Ke4 Kd7 47. Kf5 Kc6 48. Kxf6 Kxc5 49. Kg6 Kxc4 50. Kxh5 Kb3 51. Kg6 Kxa3 52. h5 Ka2 53. h6 a3 54. h7 Kb1 1/2-1/2

[Event "Milan Crespi op-A 29th"]
[Site "Milan"]
[Date "2008.12.07"]
[Round "2"]
[White "Profumo, Alberto"]
[Black "Movsziszian, Karen"]
[Result "0-1"]
[WhiteElo "2231"]
[BlackElo "2558"]
[PlyCount "94"]
[EventDate "2008.12.06"]
[EventType "swiss"]
[EventRounds "9"]
[EventCountry "ITA"]
[SourceTitle "CBM 130 Extra"]
[Source "ChessBase"]
[SourceDate "2009.07.02"]
[SourceVersion "2"]
[SourceVersionDate "2009.07.15"]
[SourceQuality "1"]

1. Nf3 g6 2. c4 Bg7 3. d4 d6 4. Nc3 Nd7 5. e4 e5 6. Be2 Ngf6 7. 0-0 0-0 8. Be3 Qe7 9. Re1 c6 10. Bf1 h6 11. h3 exd4 12. Bxd4 Ne5 13. Nxe5 dxe5 14. Be3 Nd7 15. Qd2 Kh7 16. Rad1 Re8 17. Qd6 Qxd6 18. Rxd6 Bf8 19. Rd2 Nc5 20. b4 Ne6 21. Rb1 a5 22. a3 axb4 23. axb4 Ra3 24. Nd1 c5 25. bxc5 Bxc5 26. Rb5 b6 27. Bxc5 bxc5 28. Ne3 Kg7 29. h4 h5 30. Rdb2 Bd7 31. Rb6 Rea8 32. Be2 Nd4 33. Bf3 Rc3 34. Rb7 Be6 35. Rc7 Ra1+ 36. Bd1 Rd3 37. Kh2 Raxd1 38. Nxd1 Rxd1 39. Rxc5 Kf6 40. Rc7 Rc1 41. c5 g5 42. hxg5+ Kxg5 43. Rb8 h4 44. Rh8 h3 45. gxh3 Kf4 46. Rh4+ Kf3 47. Ra7 Kxf2 0-1

[Event "Lugano New op 2nd"]
[Site "Lugano"]
[Date "2008.03.13"]
[Round "2"]
[White "Profumo, Alberto"]
[Black "Georgiev, Vladimir"]
[Result "0-1"]
[WhiteElo "2245"]
[BlackElo "2581"]
[PlyCount "126"]
[EventDate "2008.03.13"]
[EventType "swiss"]
[EventRounds "7"]
[EventCountry "SUI"]
[SourceTitle "EXT 2010"]
[Source "ChessBase"]
[SourceDate "2010.11.25"]
[SourceVersion "1"]
[SourceVersionDate "2010.11.25"]
[SourceQuality "1"]

1. Nf3 d5 2. g3 c6 3. Bg2 Bg4 4. d4 Nd7 5. Nbd2 Ngf6 6. 0-0 e6 7. Re1 Be7 8. e4 0-0 9. c3 Rc8 10. Qb3 Bxf3 11. Bxf3 Nb6 12. exd5 cxd5 13. a4 a5 14. Be2 Bd6 15. Bd3 Qc7 16. Nf3 h6 17. Kg2 Rfe8 18. Bd2 Nfd7 19. Re2 Nc4 20. Rae1 Qb6 21. Bxc4 dxc4 22. Qxb6 Nxb6 23. Ra1 f6 24. Be1 Kf7 25. b3 Re7 26. Rb2 Nd5 27. Nd2 cxb3 28. c4 Nb4 29. c5 Bc7 30. Rxb3 Nc2 31. Rab1 Rd8 32. Nf3 Nxd4 33. Rxb7 Nc6 34. Bc3 Rd3 35. Rc1 g5 36. Nd2 Be5 37. Rxe7+ Kxe7 38. Bxe5 Rxd2 39. Bd6+ Kd7 40. Rb1 Nb4 41. g4 Ra2 42. Bf8 Rxa4 43. Bxh6 Nd5 44. Kg3 Kc6 45. h4 Ra3+ 46. f3 gxh4+ 47. Kxh4 Rxf3 48. Re1 Nc7 49. Bf8 e5 50. Rb1 Nb5 51. Ra1 Na3 52. Be7 Nc4 53. Kh5 Kd7 54. Rc1 Kxe7 55. Rxc4 Rf4 56. Rc1 Kd7 57. c6+ Kc7 58. g5 fxg5 59. Kxg5 a4 60. Rc5 Rf1 61. Rxe5 a3 62. Ra5 Ra1 63. Ra6 a2 0-1

[Event "Lugano New op 2nd"]
[Site "Lugano"]
[Date "2008.03.13"]
[Round "1"]
[White "Zier, Verena"]
[Black "Profumo, Alberto"]
[Result "0-1"]
[WhiteElo "1909"]
[BlackElo "2245"]
[PlyCount "66"]
[EventDate "2008.03.13"]
[EventType "swiss"]
[EventRounds "7"]
[EventCountry "SUI"]
[SourceTitle "EXT 2010"]
[Source "ChessBase"]
[SourceDate "2010.11.25"]
[SourceVersion "1"]
[SourceVersionDate "2010.11.25"]
[SourceQuality "1"]

1. d4 Nf6 2. c4 g6 3. Nc3 Bg7 4. g3 d5 5. cxd5 Nxd5 6. Bg2 Nb6 7. Nf3 Nc6 8. e3 0-0 9. 0-0 e5 10. dxe5 Nxe5 11. Nxe5 Bxe5 12. Qb3 Be6 13. Qc2 c6 14. b3 Nd5 15. Bb2 Nb4 16. Qe2 Qd3 17. Bf3 Rfd8 18. Rfd1 Qxe2 19. Bxe2 Bg7 20. Na4 Rxd1+ 21. Bxd1 Bxb2 22. Nxb2 Rd8 23. a3 Rd2 24. Nc4 Bxc4 25. axb4 Be6 26. Bf3 Rb2 27. b5 cxb5 28. Bxb7 Bxb3 29. Rxa7 b4 30. Be4 Be6 31. Kg2 b3 32. Ra4 Rd2 33. Rb4 f5 0-1

[Event "Lugano op"]
[Site "Lugano"]
[Date "2006.11.18"]
[Round "3"]
[White "Stojanovic, Mihajlo"]
[Black "Profumo, Alberto"]
[Result "1-0"]
[WhiteElo "2549"]
[BlackElo "2251"]
[PlyCount "94"]
[EventDate "2006.11.17"]
[EventType "swiss"]
[EventRounds "5"]
[EventCountry "SUI"]
[SourceTitle "EXT 2008"]
[Source "ChessBase"]
[SourceDate "2007.11.25"]
[SourceVersion "1"]
[SourceVersionDate "2007.11.25"]
[SourceQuality "1"]

1. Nf3 d5 2. d4 Nf6 3. c4 e6 4. g3 c5 5. cxd5 exd5 6. Bg2 Nc6 7. 0-0 Be7 8. Nc3 0-0 9. dxc5 d4 10. Na4 Bf5 11. Bf4 Be4 12. Rc1 Re8 13. a3 Qd5 14. b4 Rad8 15. Nb2 g5 16. Bd2 g4 17. Ne1 Bxg2 18. Nxg2 Ne4 19. Nd3 Nxd2 20. Qxd2 Bg5 21. Ngf4 Qe4 22. f3 gxf3 23. Rxf3 Ne5 24. Nxe5 Rxe5 25. Rc4 Rf5 26. Rc1 a6 27. Rcf1 Re8 28. Qd3 Bxf4 29. Rxf4 Rxf4 30. Rxf4 Qxe2 31. Qxe2 Rxe2 32. Rxd4 Re3 33. Rd7 Rxa3 34. Rxb7 Rc3 35. Kf2 a5 36. bxa5 Rxc5 37. a6 Ra5 38. a7 Kg7 39. Ke3 Ra4 40. Kd3 h5 41. Kc3 Kg6 42. Kb3 Ra1 43. Kc4 h4 44. Kb5 hxg3 45. hxg3 f6 46. Kb6 Kf5 47. Rb8 Kg4 1-0

[Event "Milan Crespi op 25th"]
[Site "Milan"]
[Date "2004.12.08"]
[Round "7"]
[White "Salvador, Roland"]
[Black "Profumo, Alberto"]
[Result "1-0"]
[WhiteElo "2315"]
[BlackElo "2238"]
[PlyCount "47"]
[EventDate "2004.12.04"]
[EventType "swiss"]
[EventRounds "9"]
[EventCountry "ITA"]
[SourceTitle "EXT 2007"]
[Source "ChessBase"]
[SourceDate "2006.11.23"]
[SourceVersion "1"]
[SourceVersionDate "2006.11.23"]
[SourceQuality "1"]

1. d4 Nf6 2. Nf3 g6 3. Nc3 Bg7 4. e4 d6 5. Be3 c6 6. Qd2 b5 7. Bd3 0-0 8. Bh6 Bg4 9. Bxg7 Kxg7 10. e5 dxe5 11. dxe5 Nd5 12. Be4 Bxf3 13. gxf3 e6 14. h4 Nd7 15. h5 g5 16. Rg1 Kh6 17. 0-0-0 N7b6 18. Bxd5 cxd5 19. f4 Rg8 20. fxg5+ Rxg5 21. f4 Rf5 22. Qg2 Qf8 23. Nxb5 Nc4 24. Nd4 1-0